000
00338nam a2200145Ia 4500
008
221030s9999 xx 000 0 und d
041
_a
English
082
_a
105.23
100
_a
D. R. Choudhary
245
0
_a
Linear Integrated Circuits
_c
by D. R. Choudhary, S. Jain
260
_c
0
650
_a
B
700
_a
S. Jain
942
_c
BK
999
_c
10543
_d
10543